Logo biblioteca
Santa Fe 2917, Rosario, Santa Fe
Lu-Vi 8 a 19.45
+54-341-4232362
bibliotecaeudoro@gmail.com
Facebook Biblioteca Pedagógica
Sitio web

Prevención y abordajes de las violencias en la escuela : (Registro nro. 32493)

Detalles MARC
000 -CABECERA
campo fijo de control de longitud 01413nab a2200253 4500
003 - IDENTIFICADOR DEL NÚMERO DE CONTROL
campo de control AR-RoBPED
005 - FECHA Y HORADE LA ULTIMA TRANSACCION
campo de control 20260401111811.0
008 - ELEMENTOS DE LONGITUD FIJA--INFORMACION GENERAL
campo fijo de control de longitud 260401b |||||||| |||| 00| 0 spa d
040 ## - FUENTE CATALOGADORA
Centro catalogador/agencia de origen AR-RoBPED
041 ## - IDIOMA
Código de idioma para texto/pista de sonido o título independiente spa
100 1# - ENCABEZAMIENTO PRINCIPAL--AUTOR PERSONAL
Nombre de persona Villa, Alejandro M.
9 (RLIN) 20993
Función Licenciado en Psicología
245 1# - TITULO
Título Prevención y abordajes de las violencias en la escuela :
Subtítulo la transición a la adolescencia después de la pandemia /
260 ## - PUBLICACION
Lugar Buenos Aires :
Editor Noveduc,
Fecha 2025
300 ## - DESCRIPCION FISICA
Extensión 6-12 p.
500 ## - NOTA GENERAL
Nota general Este trabajo tiene dos objetivos. Primero, presentar un estudio multicéntrico realizado con profesionales de la salud mental de seis Hospitales Generales de Agudos del sistema de la salud de la Ciudad de Buenos Aires en torno a las violencias y problemáticas que surgieron en la pospandemia. Segundo, tomando en consideración estas problemáticas, describir y analizar un dispositivo de intervención para prevenir y abordar en la escuela los problema de las violencias en la transición de la niñez a la adolescencia.
650 #7 - TERMINO DE MATERIA--CONTROLADO
Término controlado VIOLENCIA ESCOLAR
9 (RLIN) 7130
Término controlado ESTUDIANTES
9 (RLIN) 11380
Término controlado PREVENCION
9 (RLIN) 16848
Término controlado ADOLESCENCIA
9 (RLIN) 884
Término controlado SALUD MENTAL
9 (RLIN) 2772
773 0# - DOCUMENTO FUENTE
Host Biblionumber 20414
Host Itemnumber 41867
Place, publisher, and date of publication Buenos Aires : Noveduc, 1993-
Título Novedades Educativas
Record control number (AR-RoBPED)20414
International Standard Serial Number 03283534
942 ## - ELEMENTOS KOHA
Fuente de clasificación Universal Decimal Classification
Koha tipo de ítem Revistas
Clasificación 37(05)
Signatura librística Nov 86 N° 400 (Feb.2025)
Número Koha k.32493
945 ## - PROCESAMIENTO DE LA INFORMACIÓN LOCAL
Catalogador y fecha mar 03/2026

No hay ítems disponibles.